Top 10 Atlanta Hawks NBA Starters - Statistics

General Stats
  • This quiz has been taken 244 times
  • The average score is 8 of 22
Answer Stats
Team Player % Correct
1956-57, 1957-58, 1958-59, 1959-60, 1960-61, 1962-63, 1963-64 Bob Pettit
92%
2014-15 Al Horford
90%
2014-15 Paul Millsap
82%
2014-15 Jeff Teague
79%
2014-15 Kyle Korver
78%
1960-61, 1962-63, 1963-64 Lenny Wilkens
77%
1968-69, 1969-70 Lou Hudson
52%
1956-57, 1957-58, 1958-59, 1959-60, 1960-61, 1962-63, 1963-64 Cliff Hagan
43%
2014-15 DeMarre Carroll
41%
1959-60, 1960-61 Si Green
21%
1969-70 Jim Davis
17%
1962-63, 1963-64, 1968-69 Zelmo Beaty
17%
1956-57, 1957-58, 1958-59 Slater Martin
16%
1968-69, 1969-70 Bill Bridges
13%
1956-57, 1957-58 Ed Macauley
13%
1958-59, 1959-60, 1960-61 Clyde Lovellette
12%
1968-69, 1969-70 Joe Caldwell
10%
1963-64 Richie Guerin
10%
1956-57, 1957-58, 1958-59 Jack McMahon
7%
1968-69, 1969-70 Walt Hazzard
7%
1959-60 Johnny McCarthy
4%
1962-63 John Barnhill
3%
No matching quizzes found
Score Distribution
Percent of People with Each Score
Percentile by Number Answered
Your Score History
You have not taken this quiz